Le pays des pharaons / (Record no. 151804)

MARC details
000 -LEADER
campo de control de longitud fija 00614nam a2200181 i 4500
001 - NÚMERO DE CONTROL
campo de control 151804
003 - IDENTIFICADOR DE NÚMERO DE CONTROL
campo de control ES-MaACL
005 - FECHA Y HORA DE LA ÚLTIMA TRANSACCIÓN
campo de control 20230906204405.0
008 - DATOS DE LONGITUD FIJA--INFORMACIÓN GENERAL
campo de control de longitud fija 051006s1890 fr af | |||||||| ||fre d
040 ## - FUENTE DE CATALOGACIÓN
Centro catalogador/agencia de origen CAM
Lengua de catalogación spa
Centro/agencia transcriptor CAM
100 1# - ENTRADA PRINCIPAL--NOMBRE DE PERSONA
Nombre de persona Belloc, J.-T. de.
9 (RLIN) 125900
245 13 - MENCIÓN DEL TÍTULO
Título Le pays des pharaons /
Mención de responsabilidad, etc. J.-T. de Belloc.
260 ## - PUBLICACIÓN, DISTRIBUCIÓN, ETC.
Lugar de publicación, distribución, etc. Paris :
Nombre del editor, distribuidor, etc. Bourloton, éditeur,
Fecha de publicación, distribución, etc. 1890 (
Fabricante Charles Ussinger)
300 ## - DESCRIPCIÓN FÍSICA
Extensión 416 p., [11] h.de lám. :
Otras características físicas il. ;
Dimensiones 29 cm.
599 ## - NOTA A LAS ILUSTRACIONES
NOTA A LAS ILUSTRACIONES Las h. de lám. fot. y grabs.
651 #4 - PUNTO DE ACCESO ADICIONAL DE MATERIA--NOMBRE GEOGRÁFICO
Nombre geográfico Egipto-
Subdivisión general Descripción.
9 (RLIN) 8141
852 ## - LOCALIZACIÓN
Ubicación ES-MaACL
Número de control de estantería C-2344
Nota libre -- Enc. hol., conservando la cub. original
Holdings
Estatus retirado Estado de pérdida Estado de daño No para préstamo Colección Biblioteca de origen Biblioteca actual Ubicación en estantería Fecha de adquisición Fuente de adquisición Total de préstamos Signatura topográfica completa Código de barras Visto por última vez Precio de reemplazo Tipo de ítem Koha
        Libros del s. XIX Biblioteca del Ateneo de Madrid Biblioteca del Ateneo de Madrid Sala Palomar 17/01/2008     C-2344 1158436 23/02/2023 23/02/2023 Libro impreso antiguo